ბათუმის შოთა რუსთაველის სახელმწიფო უნივერსიტეტის ბიბლიოთეკა

Бактериозы растении=Bacterial Plant Diseases (ბიბ.ჩანაწერი № 45577)

000 -LEADER
fixed length control field 00717nam a2200217Ia 4500
001 - CONTROL NUMBER
control field 12403
003 - CONTROL NUMBER IDENTIFIER
control field GE_BSU
008 - FIXED-LENGTH DATA ELEMENTS--GENERAL INFORMATION
fixed length control field 181216s||||||||xx |||||||||||||| ||und||
040 ## - CATALOGING SOURCE
Transcribing agency GE_BSU
080 ## - UNIVERSAL DECIMAL CLASSIFICATION NUMBER
Universal Decimal Classification number 632
100 ## - MAIN ENTRY--PERSONAL NAME
Personal name Ячевский,А.А.
245 ## - TITLE STATEMENT
Title Бактериозы растении=Bacterial Plant Diseases
245 ## - TITLE STATEMENT
Statement of responsibility, etc. Ред.Н.А.Наумов
260 ## - PUBLICATION, DISTRIBUTION, ETC.
Place of publication, distribution, etc. М-Л
260 ## - PUBLICATION, DISTRIBUTION, ETC.
Name of publisher, distributor, etc. Госиздат
260 ## - PUBLICATION, DISTRIBUTION, ETC.
Date of publication, distribution, etc. 1935
300 ## - PHYSICAL DESCRIPTION
Extent 709стр.26см.
300 ## - PHYSICAL DESCRIPTION
Accompanying material указатели:Предметный,названии питающих растении,видовых и родовых названии бактерии стр.678
653 ## - INDEX TERM--UNCONTROLLED
Uncontrolled term Бактериозы растении
942 ## - ADDED ENTRY ELEMENTS (KOHA)
Koha item type წიგნი
ეგზემპლარები
Withdrawn status Lost status Damaged status Not for loan Date acquired Barcode Date last seen Price effective from Koha item type
        2018-12-17 20745 2018-12-17 2018-12-17 წიგნი